Linea M4 - Fermate - Statistics

Statistiche generali
  • Questo quiz è stato fatto 8 volte
  • Il punteggio medio è 11 su 21
Statistiche sulle risposte
Fermate M4 % Corretto
Linate Aeroporto
86%
Argonne
71%
Dateo
71%
Repetti
71%
San Babila
71%
Susa
71%
California
57%
Frattini
57%
San Cristoforo FS
57%
Sant'Ambrogio
57%
Santa Sofia
57%
Sforza / Policlinico
57%
Tolstoj
57%
Bolivar
43%
Coni Zugna
43%
De Amicis
43%
Stazione Forlanini
43%
Tricolore
43%
Gelsomini
29%
Vetra
29%
Segneri
14%
Nessun quiz corrispondente trovato
Distribuzione punteggi
Percentuale di utenti per punteggio
Percentile per numero di risposta
I tuoi punteggi nel tempo
Non hai fatto questo quiz